Análisis político : (Registro nro. 40073)
[ vista simple ]
| 000 -LEADER | |
|---|---|
| fixed length control field | 01838cam a2200337 i 4500 |
| 001 - CONTROL NUMBER | |
| control field | 40073 |
| 003 - CONTROL NUMBER IDENTIFIER | |
| control field | Mx-PuUPA |
| 005 - DATE AND TIME OF LATEST TRANSACTION | |
| control field | 20260216092127.0 |
| 008 - FIXED-LENGTH DATA ELEMENTS--GENERAL INFORMATION | |
| fixed length control field | 140415s2016 mx a gr 001 0 spa d |
| 020 ## - INTERNATIONAL STANDARD BOOK NUMBER | |
| International Standard Book Number | 9786071726827 |
| 040 ## - CATALOGING SOURCE | |
| Transcribing agency | Mx-PuUPA |
| Original cataloging agency | Mx-PuUPA |
| Language of cataloging | spa |
| Modifying agency | Mx-PuUPA |
| Description conventions | rda |
| 041 0# - LANGUAGE CODE | |
| Language code of text/sound track or separate title | spa |
| 100 1# - MAIN ENTRY--PERSONAL NAME | |
| Personal name | Rocha Romero, Raúl, |
| Relator term | autor |
| 9 (RLIN) | 17075 |
| 245 10 - TITLE STATEMENT | |
| Title | Análisis político : |
| Remainder of title | perspectivas teórico-metodológicas / |
| Statement of responsibility, etc. | Raúl Rocha Romero |
| 250 ## - EDITION STATEMENT | |
| Edition statement | Primera edición / |
| Remainder of edition statement | mayo |
| 264 #1 - PRODUCTION, PUBLICATION, DISTRIBUTION, MANUFACTURE, AND COPYRIGHT NOTICE | |
| Place of production, publication, distribution, manufacture | México, Ciudad de México : |
| Name of producer, publisher, distributor, manufacturer | Editorial Trillas, |
| Date of production, publication, distribution, manufacture, or copyright notice | 2016 |
| 300 ## - PHYSICAL DESCRIPTION | |
| Extent | 197 páginas : |
| Other physical details | gráficas, tablas ; |
| Dimensions | 23 cm |
| 336 ## - CONTENT TYPE | |
| Fuente | rdacontent |
| Content type term | texto |
| Content type code | txt |
| 337 ## - MEDIA TYPE | |
| Source | rdamedia |
| Media type term | sin medio |
| Media type code | n |
| 338 ## - CARRIER TYPE | |
| Source | rdacarrier |
| Carrier type term | volumen |
| Carrier type code | nc |
| 500 ## - GENERAL NOTE | |
| General note | "El cambio político en México ; Prospectiva política ; Cultura política". --Cubierta |
| 505 0# - FORMATTED CONTENTS NOTE | |
| Formatted contents note | Con: "Lógica y dinámica del cambio político en México ; El nuevo institucionalismo: el estudio político de las instituciones ; Teoría de juegos: el pensamiento estratégico ; Prospectiva política: construcción y análisis de escenarios ; Cultura política: instituciones y subjetividad política". -- Contracubierta. |
| 650 #7 - SUBJECT ADDED ENTRY--TOPICAL TERM | |
| Source of heading or term | armarc |
| Topical term or geographic name entry element | Ciencias políticas |
| General subdivision | Estudio y enseñanza |
| 942 ## - ADDED ENTRY ELEMENTS (KOHA) | |
| Source of classification or shelving scheme | Dewey Decimal Classification |
| Koha item type | Libro |
| Classification part | 320.01 |
| Item part | R66 |
| Withdrawn status | Lost status | Source of classification or shelving scheme | Damaged status | Not for loan | Collection code | Home library | Current library | Shelving location | Date acquired | Source of acquisition | Cost, normal purchase price | Total Checkouts | Full call number | Barcode | Date last seen | Cost, replacement price | Price effective from | Koha item type | Copy number |
|---|---|---|---|---|---|---|---|---|---|---|---|---|---|---|---|---|---|---|---|
| Dewey Decimal Classification | General | Biblioteca Karol Wojtyla | Biblioteca Karol Wojtyla | Sala general | 14/05/2025 | 29 | 385.00 | 320.01 R66 2016 | 106076 | 05/01/2026 | 385.00 | 14/05/2025 | Libro | ||||||
| Dewey Decimal Classification | General | Biblioteca Karol Wojtyla | Biblioteca Karol Wojtyla | Sala general | 10/11/2025 | 1 | 347.00 | 320.01 R66 2016 | 106163 | 03/02/2026 | 347.00 | 10/11/2025 | Libro | Ej.2 |